Statistics for U.S. Political Figures by Picture #2

Click here to take the quiz!

General Stats

  • This quiz has been taken 11,575 times
    (6,373 since last reset)
  • The average score is 11 of 16

Answer Stats

Answer% Correct
Mike Pence
88%
Joe Biden
88%
Nancy Pelosi
85%
Mitt Romney
83%
Paul Ryan
80%
Al Gore
79%
Marco Rubio
71%
Chris Christie
70%
Colin Powell
69%
Mitch McConnell
65%
Newt Gingrich
63%
Clarence Thomas
57%
Henry Kissinger
52%
Anthony Weiner
51%
Donald Rumsfeld
40%
Ralph Nader
30%

Score Distribution

Percentile by Number Answered

Percent of People with Each Score

Your Score History

You have not taken this quiz since the last reset